[Event "Dortmund op-B"]
[Site "Dortmund"]
[Date "2007.06.29"]
[Round "7"]
[White "Blokisch, Till"]
[Black "Haidar, Marcel"]
[Result "1-0"]
[WhiteElo "1667"]
[BlackElo "1571"]
[PlyCount "37"]
[EventDate "2007.06.22"]
[EventType "swiss"]
[EventRounds "9"]
[EventCountry "GER"]
[SourceTitle "EXT 2008"]
[Source "ChessBase"]
[SourceDate "2007.11.25"]
[SourceVersion "1"]
[SourceVersionDate "2007.11.25"]
[SourceQuality "1"]

1. e4 e5 2. Nf3 Nc6 3. d4 exd4 4. Nxd4 Nf6 5. Nxc6 bxc6 6. Bd3 Bb4+ 7. Nd2 0-0 8. 0-0 Re8 9. c3 Bf8 10. Re1 d5 11. exd5 Rxe1+ 12. Qxe1 cxd5 13. Nb3 Bd6 14. Bg5 c5 15. Bxf6 gxf6 16. c4 dxc4 17. Bxc4 Bf5 18. Qd2 Qe7 19. Qd5 1-0

[Event "Dortmund op-B"]
[Site "Dortmund"]
[Date "2007.06.28"]
[Round "6"]
[White "Dreesbach, Tobias"]
[Black "Blokisch, Till"]
[Result "1/2-1/2"]
[WhiteElo "1499"]
[BlackElo "1667"]
[PlyCount "65"]
[EventDate "2007.06.22"]
[EventType "swiss"]
[EventRounds "9"]
[EventCountry "GER"]
[SourceTitle "EXT 2008"]
[Source "ChessBase"]
[SourceDate "2007.11.25"]
[SourceVersion "1"]
[SourceVersionDate "2007.11.25"]
[SourceQuality "1"]

1. e4 e5 2. Nf3 Nf6 3. Nxe5 d6 4. Nf3 Nxe4 5. Nc3 Nxc3 6. dxc3 Be7 7. Be3 Nc6 8. Qd2 a6 9. 0-0-0 Be6 10. h3 Qd7 11. g4 0-0-0 12. Bg2 Ne5 13. b3 Nxf3 14. Bxf3 Bf6 15. Bd5 Qe7 16. Rhe1 Bg5 17. Bf3 Bxe3 18. Qxe3 Kb8 19. Bg2 Qd7 20. f4 Rhe8 21. Qe4 c6 22. Qxh7 f5 23. Qg6 Kc7 24. g5 Re7 25. Qh5 Rde8 26. Qh4 Bf7 27. Qf2 Bh5 28. Rxe7 Qxe7 29. Bf3 Bxf3 30. Qxf3 Qe3+ 31. Qxe3 Rxe3 32. Rd3 Re1+ 33. Rd1 1/2-1/2

[Event "Dortmund op-B"]
[Site "Dortmund"]
[Date "2007.06.27"]
[Round "5"]
[White "Blokisch, Till"]
[Black "Benke, Werner"]
[Result "1/2-1/2"]
[WhiteElo "1667"]
[BlackElo "1525"]
[PlyCount "62"]
[EventDate "2007.06.22"]
[EventType "swiss"]
[EventRounds "9"]
[EventCountry "GER"]
[SourceTitle "EXT 2008"]
[Source "ChessBase"]
[SourceDate "2007.11.25"]
[SourceVersion "1"]
[SourceVersionDate "2007.11.25"]
[SourceQuality "1"]

1. e4 c5 2. c4 d6 3. Ne2 Nf6 4. Nbc3 Nc6 5. d4 cxd4 6. Nxd4 e6 7. Be2 Be7 8. 0-0 0-0 9. Be3 a6 10. Qd2 Qc7 11. Rab1 Ne5 12. b3 Nfg4 13. f4 Nxe3 14. Qxe3 Nc6 15. Bf3 Qb6 16. Nf5 Qxe3+ 17. Nxe3 Bf6 18. Ne2 Nd4 19. Rbd1 Nxe2+ 20. Bxe2 Be7 21. Bf3 Rb8 22. Rd2 b6 23. Rfd1 Bb7 24. Kf2 h6 25. g3 Bc6 26. e5 Bxf3 27. Kxf3 dxe5 28. fxe5 Rb7 29. Nc2 Rc8 30. Rd7 Rcc7 31. Rxc7 Rxc7 1/2-1/2

[Event "Dortmund op-B"]
[Site "Dortmund"]
[Date "2007.06.24"]
[Round "3"]
[White "Blokisch, Till"]
[Black "Braun, Thomas4"]
[Result "0-1"]
[WhiteElo "1667"]
[BlackElo "1853"]
[PlyCount "49"]
[EventDate "2007.06.22"]
[EventType "swiss"]
[EventRounds "9"]
[EventCountry "GER"]
[SourceTitle "EXT 2008"]
[Source "ChessBase"]
[SourceDate "2007.11.25"]
[SourceVersion "1"]
[SourceVersionDate "2007.11.25"]
[SourceQuality "1"]

1. e4 e6 2. d4 c5 3. Nf3 cxd4 4. Nxd4 Nf6 5. Bg5 Qa5+ 6. Qd2 Bb4 7. c3 Nxe4 8. cxb4 Qxg5 9. Qc2 0-0 10. Qxe4 Qc1+ 11. Ke2 Qxb2+ 12. Nc2 Nc6 13. Kd2 d5 14. Qh4 e5 15. Nc3 Bf5 16. Bd3 Bxd3 17. Kxd3 e4+ 18. Kd2 Nxb4 19. Rhc1 Rac8 20. Qh3 d4 21. Kd1 Rxc3 22. Rab1 Qxa2 23. Nxb4 Qa4+ 24. Nc2 Rxh3 25. gxh3 0-1

[Event "Dortmund op-B"]
[Site "Dortmund"]
[Date "2005.07.17"]
[Round "9"]
[White "Boldt, Manfred"]
[Black "Blokisch, Till"]
[Result "0-1"]
[WhiteElo "1644"]
[BlackElo "1483"]
[PlyCount "90"]
[EventDate "2005.07.08"]
[EventType "swiss"]
[EventRounds "9"]
[EventCountry "GER"]
[SourceTitle "CBM 107 Extra"]
[Source "ChessBase"]
[SourceDate "2005.09.01"]
[SourceVersion "1"]
[SourceVersionDate "2005.09.01"]
[SourceQuality "1"]

1. e4 e5 2. Nf3 Nf6 3. Nc3 Nc6 4. Bc4 Nxe4 5. Bxf7+ Kxf7 6. Nxe4 Be7 7. d4 exd4 8. Nfg5+ Bxg5 9. Nxg5+ Kf8 10. 0-0 h6 11. Nf3 Qf6 12. Re1 d5 13. b3 Bg4 14. Ba3+ Kf7 15. Qd3 Bxf3 16. gxf3 Ne5 17. Qb5 Nxf3+ 18. Kf1 Nxe1 19. Rxe1 Qa6 20. Re7+ Kf6 21. Qxa6+ bxa6 22. Rxc7 Rhc8 23. Rd7 Rxc2 24. Rxd5 Rxa2 25. Bc5 Rd2 26. Ke1 Rd3 27. Rd6+ Kf5 28. Rxa6 Re8+ 29. Kf1 Rxb3 30. Bxd4 Kg4 31. Rg6+ Kh3 32. Be3 Re7 33. Ra6 h5 34. Ra5 h4 35. Ra4 a5 36. Ke2 Re5 37. Kd2 Rb4 38. Ra3 Kxh2 39. Ba7 h3 40. Rg3 g5 41. Kc3 g4 42. Bd4 Rd5 43. Be3 Rf5 44. Bd4 Rf3+ 45. Rxf3 gxf3 0-1

[Event "Dortmund op-B"]
[Site "Dortmund"]
[Date "2005.07.12"]
[Round "5"]
[White "Friedrich, Dieter"]
[Black "Blokisch, Till"]
[Result "1/2-1/2"]
[WhiteElo "1724"]
[BlackElo "1483"]
[PlyCount "94"]
[EventDate "2005.07.08"]
[EventType "swiss"]
[EventRounds "9"]
[EventCountry "GER"]
[SourceTitle "CBM 107 Extra"]
[Source "ChessBase"]
[SourceDate "2005.09.01"]
[SourceVersion "1"]
[SourceVersionDate "2005.09.01"]
[SourceQuality "1"]

1. d4 d5 2. c4 e6 3. Nc3 Nf6 4. Bg5 Be7 5. e3 c6 6. Nf3 Nbd7 7. Bd3 0-0 8. 0-0 h6 9. Bxf6 Bxf6 10. Qc2 dxc4 11. Bxc4 e5 12. Rad1 exd4 13. Nxd4 Qe7 14. a3 Ne5 15. Ba2 Ng4 16. Nf3 Ne5 17. Nxe5 Qxe5 18. Bb1 g6 19. Ba2 Be6 20. Bxe6 Qxe6 21. Rd2 Bxc3 22. Qxc3 Qe7 23. Rfd1 Rfd8 24. g3 Qc7 25. Qf6 Rxd2 26. Rxd2 Re8 27. Qd4 c5 28. Qa4 Rd8 29. Rxd8+ Qxd8 30. Qxa7 Qd1+ 31. Kg2 Qd5+ 32. f3 Qd2+ 33. Kh3 Qd7+ 34. g4 Qd3 35. Qxc5 Qf1+ 36. Kg3 Qg1+ 37. Kf4 Qxh2+ 38. Ke4 Qxb2 39. Kd5 Qb3+ 40. Ke5 Qd3 41. Qd6 Qxd6+ 42. Kxd6 h5 43. gxh5 gxh5 44. Ke5 Kg7 45. Kf5 f6 46. a4 b6 47. e4 Kf7 1/2-1/2

[Event "Dortmund op-B"]
[Site "Dortmund"]
[Date "2005.07.10"]
[Round "3"]
[White "Dreesbach, Christoph"]
[Black "Blokisch, Till"]
[Result "1/2-1/2"]
[WhiteElo "1254"]
[BlackElo "1483"]
[PlyCount "58"]
[EventDate "2005.07.08"]
[EventType "swiss"]
[EventRounds "9"]
[EventCountry "GER"]
[SourceTitle "CBM 107 Extra"]
[Source "ChessBase"]
[SourceDate "2005.09.01"]
[SourceVersion "1"]
[SourceVersionDate "2005.09.01"]
[SourceQuality "1"]

1. e4 e5 2. Nf3 Nf6 3. Nc3 Nc6 4. Bc4 Nxe4 5. Nxe4 d5 6. Bxd5 Qxd5 7. Nc3 Qd8 8. 0-0 Bc5 9. Re1 f6 10. d3 0-0 11. Be3 Bb6 12. Qd2 Bg4 13. Bxb6 axb6 14. Qe3 Bxf3 15. Qxf3 Nd4 16. Qd1 c6 17. Ne2 c5 18. c3 Nxe2+ 19. Qxe2 Qd7 20. a3 Rfd8 21. Rad1 Qf5 22. d4 cxd4 23. cxd4 Rac8 24. Qb5 Qe6 25. dxe5 fxe5 26. h3 e4 27. Rxd8+ Rxd8 28. Qb4 Re8 29. b3 Qc6 1/2-1/2

[Event "GER-chT U12"]
[Site "Verden"]
[Date "2004.12.30"]
[Round "7.3"]
[White "Blokisch, Till"]
[Black "Grimm, Pascal"]
[Result "0-1"]
[WhiteElo "1564"]
[BlackElo "1623"]
[PlyCount "70"]
[EventDate "2004.12.27"]
[EventType "team-swiss"]
[EventRounds "7"]
[EventCountry "GER"]
[SourceTitle "EXT 2006"]
[Source "ChessBase"]
[SourceDate "2005.11.24"]
[SourceVersion "1"]
[SourceVersionDate "2005.11.24"]
[SourceQuality "1"]

1. e4 c5 2. c4 Nc6 3. Ne2 g6 4. d4 cxd4 5. Nxd4 Bg7 6. Be3 d6 7. Nc3 Nf6 8. Be2 0-0 9. f3 Nxd4 10. Bxd4 Be6 11. 0-0 Nd7 12. Bxg7 Kxg7 13. Qd4+ Kg8 14. f4 Qb6 15. Qxb6 Nxb6 16. b3 Bd7 17. Rad1 Bc6 18. f5 f6 19. g4 g5 20. h4 h6 21. h5 Nd7 22. b4 Ne5 23. b5 Be8 24. Nd5 Kf7 25. a4 Rh8 26. Rc1 Rc8 27. Rc2 Rc5 28. Rfc1 Kf8 29. Kg2 Bf7 30. Kg3 Nd7 31. Ra2 Bxd5 32. exd5 Kf7 33. Rac2 Rhc8 34. Kf2 Nb6 35. a5 Nxd5 0-1

[Event "Dortmund op-B"]
[Site "Dortmund"]
[Date "2004.07.27"]
[Round "5"]
[White "Beilfuss, Bjoern"]
[Black "Blokisch, Till"]
[Result "1/2-1/2"]
[WhiteElo "1394"]
[BlackElo "1584"]
[PlyCount "105"]
[EventDate "2004.07.??"]
[EventType "swiss"]
[EventRounds "9"]
[EventCountry "GER"]
[SourceTitle "EXT 2006"]
[Source "ChessBase"]
[SourceDate "2005.11.24"]
[SourceVersion "1"]
[SourceVersionDate "2005.11.24"]
[SourceQuality "1"]

1. d4 Nf6 2. c4 g6 3. Bf4 Bg7 4. Nc3 d5 5. Nb5 Na6 6. e3 c6 7. Nc3 Nc7 8. Bxc7 Qxc7 9. Nf3 Bg4 10. Be2 0-0 11. Rc1 e6 12. cxd5 exd5 13. 0-0 Rfe8 14. h3 Be6 15. b4 a6 16. a4 Qd6 17. b5 axb5 18. axb5 Bf5 19. bxc6 bxc6 20. Ne5 Nd7 21. Nxd7 Qxd7 22. Na4 Qa7 23. Nc5 Qa2 24. g4 Bc8 25. Rc2 Qa3 26. Qd3 Qxd3 27. Bxd3 Bf8 28. Rfc1 Ra3 29. Rc3 Bxc5 30. dxc5 Ra4 31. Rb3 Ba6 32. Bxa6 Rxa6 33. Rb6 Rea8 34. Rcb1 Rxb6 35. cxb6 Rb8 36. b7 Kf8 37. Rb6 c5 38. Rb5 Ke7 39. Rxc5 Kd6 40. Rc8 Rxb7 41. Rd8+ Rd7 42. Rh8 f5 43. gxf5 gxf5 44. Kf1 Re7 45. Rf8 Ke5 46. Ke2 Re6 47. Kd3 Rh6 48. f4+ Ke6 49. Kd4 Rxh3 50. Re8+ Kf7 51. Re5 Kf6 52. Kxd5 Kf7 53. Kd6 1/2-1/2

[Event "Dortmund op-B"]
[Site "Dortmund"]
[Date "2004.07.25"]
[Round "3"]
[White "Blokisch, Till"]
[Black "Ziemek, Gerhard"]
[Result "0-1"]
[WhiteElo "1584"]
[BlackElo "1737"]
[PlyCount "64"]
[EventDate "2004.07.??"]
[EventType "swiss"]
[EventRounds "9"]
[EventCountry "GER"]
[SourceTitle "EXT 2006"]
[Source "ChessBase"]
[SourceDate "2005.11.24"]
[SourceVersion "1"]
[SourceVersionDate "2005.11.24"]
[SourceQuality "1"]

1. e4 c5 2. c4 Nc6 3. Ne2 g6 4. d4 cxd4 5. Nxd4 Bg7 6. Nxc6 bxc6 7. g3 Rb8 8. Qc2 Ba6 9. Nc3 Nf6 10. Be2 d5 11. exd5 cxd5 12. Qa4+ Qd7 13. Qxa6 d4 14. Na4 0-0 15. 0-0 e5 16. f3 d3 17. Bd1 d2 18. Bxd2 Qxd2 19. Qxa7 e4 20. Qf2 Qd3 21. Bb3 Rxb3 22. axb3 Qxb3 23. Ra3 Qxc4 24. Qd2 exf3 25. Rfxf3 h5 26. Qc3 Qe6 27. Qe3 Qh3 28. b4 Re8 29. Qd2 Ng4 30. Rae3 Rxe3 31. Rxe3 Bd4 32. Kh1 Qf1# 0-1

[Event "Dortmund op-B"]
[Site "Dortmund"]
[Date "2003.08.06"]
[Round "5"]
[White "Popovic, Nathalie"]
[Black "Blokisch, Till"]
[Result "1-0"]
[WhiteElo "1409"]
[BlackElo "1129"]
[PlyCount "37"]
[EventDate "2003.08.01"]
[EventType "swiss"]
[EventRounds "9"]
[EventCountry "GER"]
[SourceTitle "CBM 095 Extra"]
[Source "ChessBase"]
[SourceDate "2003.09.04"]
[SourceVersion "1"]
[SourceVersionDate "2003.09.04"]
[SourceQuality "1"]

1. d4 d5 2. c4 Nf6 3. cxd5 Nxd5 4. e4 Nf6 5. Nc3 e5 6. Be3 Bb4 7. Qa4+ Nc6 8. d5 Bxc3+ 9. bxc3 Bd7 10. dxc6 Bxc6 11. Qb3 Bxe4 12. f3 Bc6 13. Bc4 Qd7 14. Ne2 Rf8 15. 0-0 0-0-0 16. Bxa7 b6 17. Bxb6 cxb6 18. Qxb6 Qb7 19. Ba6 1-0

[Event "Dortmund op-B"]
[Site "Dortmund"]
[Date "2003.08.04"]
[Round "4"]
[White "Blokisch, Till"]
[Black "Wagner, Georg"]
[Result "1/2-1/2"]
[WhiteElo "1129"]
[BlackElo "1488"]
[PlyCount "30"]
[EventDate "2003.08.01"]
[EventType "swiss"]
[EventRounds "9"]
[EventCountry "GER"]
[SourceTitle "CBM 095 Extra"]
[Source "ChessBase"]
[SourceDate "2003.09.04"]
[SourceVersion "1"]
[SourceVersionDate "2003.09.04"]
[SourceQuality "1"]

1. e4 c5 2. Nf3 d6 3. d4 cxd4 4. Nxd4 Nf6 5. Nc3 e5 6. Nf3 Be6 7. Bg5 Be7 8. Bxf6 Bxf6 9. Bb5+ Nc6 10. Nd5 0-0 11. Nxf6+ gxf6 12. Qd2 Qa5 13. Qxa5 Nxa5 14. 0-0 a6 15. Be2 Rac8 1/2-1/2

[Event "Dortmund op-B"]
[Site "Dortmund"]
[Date "2003.08.01"]
[Round "1"]
[White "Lingl, Alexander"]
[Black "Blokisch, Till"]
[Result "1-0"]
[WhiteElo "1643"]
[BlackElo "1129"]
[PlyCount "37"]
[EventDate "2003.08.01"]
[EventType "swiss"]
[EventRounds "9"]
[EventCountry "GER"]
[SourceTitle "CBM 095 Extra"]
[Source "ChessBase"]
[SourceDate "2003.09.04"]
[SourceVersion "1"]
[SourceVersionDate "2003.09.04"]
[SourceQuality "1"]

1. e4 c5 2. Nf3 d6 3. d4 cxd4 4. Nxd4 Nf6 5. Nc3 g6 6. Be3 Bg7 7. Bc4 Nc6 8. f3 a6 9. Qd2 0-0 10. Bb3 Nxd4 11. Bxd4 b5 12. h4 Bb7 13. g4 b4 14. Ne2 a5 15. h5 Kh8 16. h6 e5 17. hxg7+ Kxg7 18. Qh6+ Kg8 19. g5 1-0